ՀՀ Գիտությունների ազգային ակադեմիայի հիմնարար գիտական գրադարան  =   Fundamental Scientific Library of NAS RA

Качественно-количественная характеристика структуры тиреоцитов (при экспериментальной гипер- и гипофункции) / (Record no. 32990)

MARC details
000 -LEADER
fixed length control field 01084nam a2200241 a 4500
001 - CONTROL NUMBER
control field 000102257
003 - CONTROL NUMBER IDENTIFIER
control field AM-YEHGA
005 - DATE AND TIME OF LATEST TRANSACTION
control field 20250617122232.0
008 - FIXED-LENGTH DATA ELEMENTS--GENERAL INFORMATION
fixed length control field 950417s1986 mv ||||||||||| rus d
040 ## - CATALOGING SOURCE
Original cataloging agency AM-YeHGA
041 0# - LANGUAGE CODE
Language code of text/sound track or separate title rus
090 ## - LOCALLY ASSIGNED LC-TYPE CALL NUMBER (OCLC); LOCAL CALL NUMBER (RLIN)
-- 33472
100 1# - MAIN ENTRY--PERSONAL NAME
Personal name Андроник, Валентина Ивановна
245 10 - TITLE STATEMENT
Title Качественно-количественная характеристика структуры тиреоцитов (при экспериментальной гипер- и гипофункции) /
Statement of responsibility, etc. В.И. Андроник, Б.Е. Мельник ; Под ред. Н.П. Дмитриевой.
260 ## - PUBLICATION, DISTRIBUTION, ETC.
Place of publication, distribution, etc. Кишинев :
Name of publisher, distributor, etc. Штиинца,
Date of publication, distribution, etc. 1986.
300 ## - PHYSICAL DESCRIPTION
Extent 133 с.
504 ## - BIBLIOGRAPHY, ETC. NOTE
Bibliography, etc. note Библиогр.: с. 113-132
550 ## - ISSUING BODY NOTE
Issuing body note Кишиневский гос. ун-т им. В.И. Ленина
650 14 - SUBJECT ADDED ENTRY--TOPICAL TERM
Topical term or geographic name entry element Щитовидная железа - Морфология функциональная
700 1# - ADDED ENTRY--PERSONAL NAME
Personal name Мельник, Борис Ефимович
700 1# - ADDED ENTRY--PERSONAL NAME
Personal name Дмитриева, Н.П.
Relator term ред.
Relationship edt
942 ## - ADDED ENTRY ELEMENTS (KOHA)
Source of classification or shelving scheme Universal Decimal Classification
Koha item type Գրքեր / Books
Holdings
Withdrawn status Lost status Source of classification or shelving scheme Damaged status Not for loan Collection Home library Current library Date acquired Total checkouts Full call number Barcode Date last seen Price effective from Koha item type Public note
    Universal Decimal Classification     General Fundamental Scientific Library Fundamental Scientific Library 21/12/2016   PII/568862 FL0109468 21/12/2016 21/12/2016 Գրքեր / Books 30 Days Loan
    Universal Decimal Classification     General Fundamental Scientific Library Fundamental Scientific Library 21/12/2016   PII/578389 FL0094801 21/12/2016 21/12/2016 Գրքեր / Books 30 Days Loan


ՀՀ ԳԱԱ հիմնարար գիտական գրադարան
ՀՀ,Երևան 0019
Մարշալ Բաղրամյան 24/6
հեռախոս:(374-10) 52-47-50
Հետադարձ կապ

All site content, except where otherwise noted, is licensed under a
Creative Commons License